|
|
|
|
| LEADER |
00000nam a2200000 a 4500 |
| 001 |
vtls001223161 |
| 003 |
SK-MaSNL |
| 005 |
20260302065144.0 |
| 008 |
240313s1996 xo y 0 slo |
| 015 |
|
|
|a SNBK1996/0201198
|
| 020 |
|
|
|a 8085178907
|
| 035 |
|
|
|a SNK000169091
|
| 040 |
|
|
|a SNK
|b slo
|c SNK
|e AACR2
|
| 041 |
0 |
|
|a slo
|
| 044 |
|
|
|a xo
|c SK
|
| 080 |
|
|
|a 635:633.88(02.056.262)
|2 1981
|
| 080 |
|
|
|a 633.88
|2 1981
|
| 100 |
1 |
|
|a Guľa, Ján,
|d 1943-
|4 aut
|9 37836
|
| 245 |
1 |
|
|a Liečivé účinky zeleniny
|h slepecká tlač
|c [Ján Guľa]
|
| 260 |
|
|
|a Levoča
|b Ústredná knižnica pre nevidiacich Mateja Hrebendu
|c 1996
|
| 300 |
|
|
|a [48]s.
|c 27 cm
|
| 500 |
|
|
|a Údaje o zodp. doplnené z tiráže
|
| 650 |
0 |
7 |
|a zelenina
|x účinky liečivé
|x príručky
|x tlače slepecké
|2 SNK
|9 728176
|
| 655 |
|
7 |
|a príručky
|2 SNK
|9 74364
|
| 919 |
|
|
|a 80-85178-90-7
|
| 958 |
|
|
|a KST
|
| 958 |
|
|
|a SX
|
| 999 |
|
|
|c 1140708
|d 1142638
|
| 952 |
|
|
|t P60, <03>, [BOOK], {603}
|a SNK
|b SNK
|y PREZ
|7 0
|p 17A0022153
|o snkOSB 11202
|i snkKSP 10189/96
|0 0
|1 0
|4 0
|d 1996-11-22
|l 0
|r 2005-01-01 00:00:00
|w 2026-02-24
|